Hướng dẫn sử dụng và khai thác Internet cho người mới bắt đầu
Cuốn sách giới thiệu cho các bạn quá trình hình thành Internet, những công cụ giúp bạn khai thác Internet, cách thức truy cập Internet và những dịch vụ phổ biến và nổi tiếng mà Internet mang lại cho bạn.
Bewaard in:
| Hoofdauteur: | |
|---|---|
| Formaat: | Boek |
| Taal: | Undetermined |
| Gepubliceerd in: |
Thành phố Hồ Chí Minh
Hồng Đức
2009
|
| Onderwerpen: | |
| Tags: |
Voeg label toe
Geen labels, Wees de eerste die dit record labelt!
|
| Thư viện lưu trữ: | Trung tâm Học liệu Trường Đại học Cần Thơ |
|---|
| LEADER | 00950nam a2200205Ia 4500 | ||
|---|---|---|---|
| 001 | CTU_155802 | ||
| 008 | 210402s9999 xx 000 0 und d | ||
| 020 | |c 73000 | ||
| 082 | |a 004.678 | ||
| 082 | |b Th116 | ||
| 100 | |a Trần, Văn Thắng | ||
| 245 | 0 | |a Hướng dẫn sử dụng và khai thác Internet cho người mới bắt đầu | |
| 245 | 0 | |c Trần, Văn Thắng | |
| 260 | |a Thành phố Hồ Chí Minh | ||
| 260 | |b Hồng Đức | ||
| 260 | |c 2009 | ||
| 520 | |a Cuốn sách giới thiệu cho các bạn quá trình hình thành Internet, những công cụ giúp bạn khai thác Internet, cách thức truy cập Internet và những dịch vụ phổ biến và nổi tiếng mà Internet mang lại cho bạn. | ||
| 650 | |a Internet (Computer network),Information networks | ||
| 904 | |i Giang | ||
| 980 | |a Trung tâm Học liệu Trường Đại học Cần Thơ | ||